Sur quelles chansons TXT ont-ils collaboré avec ces artistes ? - Statistiques

Statistiques générales
  • Ce quiz a été pris 21 fois
  • Le résultat moyen est 8 sur 9
Statistiques - réponses
Artistes Chansons % Correct
Anitta Back For More
100%
Seori 0x1=LoveSong (I Know I Love You)
89%
PH1 0x1=LoveSong (I Know I Love You)
89%
Woodie Goodchild 0x1=LoveSong (I Know I Love You)
89%
Lilas 0x1=LoveSong (I Know I Love You)
89%
Mod Sun 0x1=LoveSong (I Know I Love You)
89%
Jonas Brothers Do It Like That
83%
Coi Leray Happy Fools
67%
Iann Dior Valley Of Lies
61%
Aucun quiz correspondant
Distribution des résultats
% des personnes avec chaque résultat
Percentile par nombre de réponses
Votre historique - résultats
Vous n’avez pas pris ce quiz